| 000 | 00448nam a2200157 a 4500 | ||
|---|---|---|---|
| 001 | 000017579 | ||
| 005 | 20200929165146.0 | ||
| 008 | 100329s1978 dr c r 000 f spa d | ||
| 040 |
_aDO-SdBNP _bspa _cBNPHU |
||
| 082 |
_axxxx _bC718 |
||
| 100 | 1 |
_aColombino Perello, Héctor _925851 |
|
| 245 | 1 | 3 |
_aLa jaula / _cHéctor Colombino Perello. |
| 260 |
_aSanto Domingo : _bCacique, _c1978. |
||
| 300 |
_a212 p. ; _c17 cm. |
||
| 590 | _aInventariado, 2019/BT | ||
| 999 |
_c17104 _d17104 |
||